000 01829nam a2200265 a 4500
001 000035770
003 DO-SdBNP
005 20230418130044.0
007 ta
008 111110s2011 dr ao 000 0 eng d
020 _a9789945164343
040 _aDO-SdBNP
_bspa
_cBNPHU
082 4 _bD983r
_222
100 1 _aDuVall, Daniel
_961715
245 1 0 _aRock art imagery of the Dominican Republic :
_ban introduction /
_c Daniel DuVall.
260 _aSanto Domingo :
_bBúho,
_c2011.
300 _a[24 p.]:
_bil., color ;.
_c28 cm
504 _aBibliografía : p. 25
520 _aEl arte rupestre que fue pintado, dibujado y esculpido por los taínos antes de la llegada de Colón en La Española es hermoso y peculiar, fascinante y misterioso, y ha sido poco estudiado o documentado. He pasado los últimos 8 años explorando cuevas conocidas y redescubriendo otras nuevas a fin de documentar esta forma de arte indígena. Toda la exploración y la fotografía se hizo con el permiso del gobierno dominicano, pero, el proyecto en su totalidad ha sido totalmente independiente. Se han publicado trabajos ocasionales en español. Hace poco se publicó un artículo titulado Fluting dedo y arte rupestre en Cumayasa, República Dominicana. Las imágenes de arte rupestre constituyen una celebración visual única en esta obras, profusamente ilustrada con 65 fotografías de pictografías y petroglifos de 17 cuevas diferentes. Es intensamente informativo, incluye una introducción, los subtítulos y una bibliografía extensa. Más información e imágenes en el sitio web http://www.danielduvall.com
590 _aInventariado, 2023/BT
650 2 4 _aArte rupestre
_zRepublica Dominicana
_961716
650 2 4 _aCuevas
_zRepublica Dominicana
_961717
650 2 4 _aPintura en cuevas
_zRepublica Dominciana
_961718
942 _2ddc
_cLF2
999 _c35261
_d35261